Socio-Economic Status of Women (Record no. 358650)

MARC details
000 -LEADER
fixed length control field 00332nam a2200133Ia 4500
008 - FIXED-LENGTH DATA ELEMENTS--GENERAL INFORMATION
fixed length control field 240614s9999 xx 000 0 und d
041 ## - LANGUAGE CODE
Language code of text/sound track or separate title eng
100 ## - MAIN ENTRY--PERSONAL NAME
Personal name Tippanna, Shekarraj
9 (RLIN) 207520
245 ## - TITLE STATEMENT
Title Socio-Economic Status of Women
250 ## - EDITION STATEMENT
Edition statement 1st
260 ## - PUBLICATION, DISTRIBUTION, ETC. (IMPRINT)
Name of publisher, distributor, etc. Current
Date of publication, distribution, etc. 2021
Place of publication, distribution, etc. Agra
300 ## - PHYSICAL DESCRIPTION
Extent 181
650 ## - SUBJECT ADDED ENTRY--TOPICAL TERM
Topical term or geographic name as entry element Sociology
9 (RLIN) 119052
Holdings
Withdrawn status Lost status Source of classification or shelving scheme Damaged status Not for loan Collection code Home library Current library Date acquired Vendor Cost, normal purchase price Bill number Total Checkouts Barcode Date last seen Bill Date Koha item type Original Barcode
    Dewey Decimal Classification       Shri Siddhivinayak Mahila Mahavidyalaya Shri Siddhivinayak Mahila Mahavidyalaya 11/09/2022 vaibhav 695.00 614   SSMM-BK-23143 14/06/2024 11/07/2022 Books 010023143